000
00376nam a2200157Ia 4500
008
100204s9999 xx 000 0 und d
082
_b
27643
100
_a
भडभडे शुभांगी
245
_a
सार्थक
250
_a
0
260
_c
2007
300
_a
205
630
_a
सार्थक
730
_a
सार्थक
942
_c
BOOK
999
_c
472820
_d
472817